000 00794nam a2200229Ia 4500
003 OSt
005 20220923212106.0
006 a|||||r|||| 00| 0
007 ta
008 220922b |||||||| |||| 00| 0 hin d
024 _a150,668
037 _cTextual
040 _aARTS
_cARTS
_bhin
041 _2hin
_ahin
082 _aJ:438:6, 152K6
100 _aश्रीवास्तव, आनंद स्वरूप
_9162096
245 0 _aकृषि के हानिकारक कीट तथा उनका नियंत्रण
246 _aKṛuṣhi ke hānikārak kīṭ tathā unakā niyantraṇa
260 _c1966
942 _hJ:438:6, 152K6
_cTEXL
_2CC
999 _c306348
_d306348